000 00680nam a2200289Ia 4500
005 20260324111359.0
008 008 260324s9999 xx 000 0 eng d
020 _a9781003558231
037 _aEBOOK
040 _aCRL
040 _beng
040 _cCRL
041 _2eng
041 _aeng
084 _qCRL
100 _aBill Kroyer
_91138317
245 0 _aMr. In-Between
245 0 _bMy Life in the Middle of the Animation Revolution
260 _bTaylor and Francis
260 _c2025
365 _a
365 _b260
856 _uhttp://www.taylorfrancis.com/books/9781003558231
942 _cEBOOK
999 _c1727120
_d1727120